Asamiya Bhasar Ruptattva / (Record no. 41358)
[ view plain ]
| 000 -LEADER | |
|---|---|
| fixed length control field | 00633nam a2200217Ia 4500 |
| 001 - CONTROL NUMBER | |
| control field | 41390 |
| 008 - FIXED-LENGTH DATA ELEMENTS--GENERAL INFORMATION | |
| fixed length control field | 231121n ii |||gr||||Z||||||asm |
| 020 ## - INTERNATIONAL STANDARD BOOK NUMBER | |
| International Standard Book Number | 81-7339-466-0 |
| 082 ## - DEWEY DECIMAL CLASSIFICATION NUMBER | |
| Classification number | 491.41 |
| 100 ## - MAIN ENTRY--PERSONAL NAME | |
| Personal name | Bora, Lilabati Saikia ., |
| Relator term | Author. |
| 245 #0 - TITLE STATEMENT | |
| Title | Asamiya Bhasar Ruptattva / |
| Statement of responsibility, etc. | By Lilabati Saikia Bora. |
| Medium | Textual Documents |
| 250 ## - EDITION STATEMENT | |
| Edition statement | Ist ed / |
| 260 ## - PUBLICATION, DISTRIBUTION, ETC. | |
| Place of publication, distribution, etc. | Guwahati : |
| Name of publisher, distributor, etc. | Banalata , |
| Date of publication, distribution, etc. | 2006. |
| 300 ## - PHYSICAL DESCRIPTION | |
| Extent | 175pg ; |
| Dimensions | 22cm |
| Accompanying material | `. |
| 500 ## - GENERAL NOTE | |
| General note | Issued to the Deptt(Assamese) |
| 653 ## - INDEX TERM--UNCONTROLLED | |
| Uncontrolled term | Assamese-Collections of Articles |
| 653 ## - INDEX TERM--UNCONTROLLED | |
| Uncontrolled term | Assamese |
| 653 ## - INDEX TERM--UNCONTROLLED | |
| Uncontrolled term | G- Assamese |
| 856 ## - ELECTRONIC LOCATION AND ACCESS | |
| Uniform Resource Identifier | <a href="5360/As (Dept- Assamese)">5360/As (Dept- Assamese)</a> |
| 942 ## - ADDED ENTRY ELEMENTS (KOHA) | |
| Source of classification or shelving scheme | Dewey Decimal Classification |
| Koha item type | Books |
| Withdrawn status | Lost status | Damaged status | Not for loan | Home library | Current library | Date acquired | Coded location qualifier | Cost, normal purchase price | Total checkouts | Full call number | Barcode | Date last seen | Copy number | Price effective from | Koha item type | Collection | Shelving location |
|---|---|---|---|---|---|---|---|---|---|---|---|---|---|---|---|---|---|
| Dr. Suryya Kumar Bhuyan Library | Dr. Suryya Kumar Bhuyan Library | 01/02/2012 | 00000 | 110.00 | 491.41 Ba 23 As | 5360/As | 14/01/2024 | 1 | 01/02/2012 | Books | |||||||
| Dr. Suryya Kumar Bhuyan Library | Dr. Suryya Kumar Bhuyan Library | 01/02/2012 | 00000 | 110.00 | 491.41 Bo 644 As | 1584/cu | 14/01/2024 | 2 | 01/02/2012 | Books |
